[Event "Titled Tue 3rd Jun Early"]
[Site "chess.com INT"]
[Date "2025.06.03"]
[Round "11"]
[White "Fomevor, Cephas Clinton"]
[Black "Sarkar, Justin"]
[Result "0-1"]
[WhiteTitle "CM"]
[BlackTitle "IM"]
[WhiteElo "1883"]
[BlackElo "2286"]
[WhiteFideId "12601330"]
[BlackFideId "2010011"]
[EventDate "2025.06.03"]

1. d4 Nf6 2. c4 e6 3. Nf3 c5 4. Nc3 cxd4 5. Nxd4 Nc6 6. Bg5 h6 7. Bh4 Bb4 8.
Bxf6 Bxc3+ 9. bxc3 Qxf6 10. e3 O-O 11. Be2 b6 12. O-O Bb7 13. Nb5 Rfd8 14. Nd6
Rab8 15. Qc2 Ne5 16. Rfd1 Ba8 17. Rd4 Qg5 18. Ne4 Qg6 19. f4 Nc6 20. Rd6 Na5 21.
Bd3 f5 22. Ng3 Qf7 23. Rd1 Rbc8 24. Qe2 Bb7 25. c5 Rxc5 26. Ba6 Bxa6 27. Qxa6
Nc4 28. R6d3 Nb2 29. Qxa7 Nxd1 30. Rxd1 Rxc3 31. Qxb6 Rdc8 32. Qd4 Qe7 33. h3
Qc5 34. Kh2 Qxd4 35. Rxd4 d5 36. Nh5 Rxe3 37. Rb4 Rc7 38. Rb8+ Kf7 39. Rb2 d4
40. Ng3 d3 41. Rd2 Rd7 42. Nf1 Re2 43. Rd1 Rxa2 44. Ng3 d2 45. Ne2 Rc2 46. Kg1
Kf6 47. Kf2 e5 48. fxe5+ Kxe5 49. Ng3 f4 50. Nh5 Rc1 51. g3 Rxd1 0-1

[Event "Titled Tue 3rd Jun Early"]
[Site "chess.com INT"]
[Date "2025.06.03"]
[Round "11"]
[White "Shandrygin, Nikita"]
[Black "Negrean, Andrei"]
[Result "0-1"]
[WhiteTitle "FM"]
[BlackTitle "FM"]
[WhiteElo "2209"]
[BlackElo "2336"]
[WhiteFideId "24198668"]
[BlackFideId "1291513"]
[EventDate "2025.06.03"]

1. e4 c5 2. b4 cxb4 3. a3 d5 4. exd5 Qxd5 5. Nf3 bxa3 6. Nxa3 Nf6 7. Nb5 Qd8 8.
d4 e6 9. Bf4 Nd5 10. Bd2 Be7 11. Bd3 O-O 12. O-O Bd7 13. Nxa7 Nc7 14. Ne5 Nba6
15. Qh5 f5 16. Ba5 Rxa7 17. Qf3 Qc8 18. Bc4 Bb5 19. Bxb5 Nxb5 20. Qd3 Nbc7 21.
c4 Bf6 22. Rfe1 Rd8 23. Nf3 Qd7 24. Bb6 Raa8 25. Qb3 Rac8 26. Rad1 Re8 27. h3
Na8 28. Ba5 b6 29. Bc3 Qc6 30. Nd2 N8c7 31. Ba1 b5 32. c5 Nd5 33. Nf3 Nac7 34.
Bb2 Ra8 35. g4 fxg4 36. hxg4 Nf4 37. g5 Bxg5 38. d5 exd5 39. Nxg5 Qg6 40. Qg3
Qxg5 41. Qxg5 Nh3+ 42. Kg2 Nxg5 43. Rxe8+ Rxe8 44. Ra1 Ne4 45. Ra7 Ne6 46. c6
Rc8 47. c7 Rxc7 48. Ra6 Kf7 49. Kf3 Nd2+ 50. Ke2 Nc4 51. Bc3 d4 52. Bb4 Rd7 53.
Kd3 Nf4+ 54. Ke4 Ne6 55. Kd3 h5 56. Ra8 h4 57. Rf8+ Nxf8 0-1

[Event "Titled Tue 3rd Jun Early"]
[Site "chess.com INT"]
[Date "2025.06.03"]
[Round "11"]
[White "Brozynski, Patryk"]
[Black "Sanhueza, Cristian"]
[Result "0-1"]
[WhiteTitle "CM"]
[BlackTitle "FM"]
[WhiteElo "2219"]
[BlackElo "2182"]
[WhiteFideId "2512700"]
[BlackFideId "116815"]
[EventDate "2025.06.03"]

1. Nf3 Nf6 2. b3 g6 3. Bb2 Bg7 4. e3 O-O 5. Be2 c5 6. O-O Nc6 7. c4 d6 8. d3 e5
9. Nc3 h6 10. a3 Be6 11. d4 e4 12. d5 exf3 13. Bxf3 Bd7 14. dxc6 Bxc6 15. Bxc6
bxc6 16. Qf3 d5 17. Rfd1 d4 18. exd4 cxd4 19. Na4 Nh5 20. Qxc6 Rb8 21. b4 Qg5
22. Bxd4 Bxd4 23. Rxd4 Rfe8 24. Qf3 Rbd8 25. Rxd8 Rxd8 26. Rd1 Rc8 27. Nc5 Nf4
28. g3 Nh5 29. Ne4 Qe5 30. c5 a5 31. Nd6 Rc7 32. Nc4 Qe6 33. Nxa5 Nf6 34. Rd6
Qe1+ 35. Kg2 Ne4 36. Rd8+ Kh7 37. Re8 f5 38. Qe3 Qd1 39. Nc4 Qd5 40. Nb6 Qc6 41.
Kg1 Qxe8 42. Qf4 Ra7 43. a4 Ng5 44. Kg2 Qe4+ 45. Qxe4 Nxe4 46. f3 Nc3 47. b5
Nxa4 48. Nxa4 Rxa4 49. c6 Rc4 50. Kf2 Rc5 51. Ke3 Rxb5 52. Kd4 Rb2 53. h4 Kg7
54. Ke5 Rb3 0-1

[Event "Titled Tue 3rd Jun Early"]
[Site "chess.com INT"]
[Date "2025.06.03"]
[Round "11"]
[White "Lagunov, Evgenij"]
[Black "Petrus, Adrian"]
[Result "0-1"]
[WhiteTitle "FM"]
[BlackTitle "CM"]
[WhiteElo "2201"]
[BlackElo "2203"]
[WhiteFideId "4125363"]
[BlackFideId "14573652"]
[EventDate "2025.06.03"]

1. e4 e5 2. Nf3 Nc6 3. Bc4 Nf6 4. Ng5 d5 5. exd5 Na5 6. Bb5+ c6 7. dxc6 bxc6 8.
Be2 h6 9. Nh3 Bxh3 10. gxh3 Be7 11. d3 Nb7 12. O-O Qd7 13. Bg4 Qd6 14. Bf3 Nc5
15. Nc3 h5 16. Kh1 O-O 17. Rg1 g6 18. Bxh5 Nh7 19. Bf3 Kg7 20. Be3 Rh8 21. Qd2
Nf6 22. Bg2 Nh5 23. Rae1 Bf6 24. Ne4 Nxe4 25. Bxe4 Rab8 26. b3 Nf4 27. Bxf4 exf4
28. Bg2 f3 29. Bf1 Rh4 30. Qe3 Qd5 31. Rg4 Rbh8 32. Qe4 Rxg4 33. hxg4 Qd6 34. h3
Bc3 35. Re3 a5 36. Rxf3 Rh4 37. Qc4 Bf6 38. Qf4 Qe7 39. Re3 Qd7 40. Re4 Rh8 41.
Kg2 Be7 42. Qe5+ Bf6 43. Qxa5 Bd8 44. Qc3+ Bf6 45. Qc5 Ra8 46. a4 Qc7 47. d4 Ra5
48. Qc4 Rd5 49. c3 Bd8 50. Qe2 Qd6 51. Re5 Bc7 52. f4 Qd7 53. Re4 g5 54. fxg5
Qd6 0-1

[Event "Titled Tue 3rd Jun Early"]
[Site "chess.com INT"]
[Date "2025.06.03"]
[Round "11"]
[White "Nguyen Quang Anh"]
[Black "Hobaica, Juan Pablo"]
[Result "1-0"]
[WhiteTitle "CM"]
[BlackTitle "IM"]
[WhiteElo "2052"]
[BlackElo "2412"]
[WhiteFideId "12432377"]
[BlackFideId "104159"]
[EventDate "2025.06.03"]

1. d4 Nf6 2. c4 e6 3. Nc3 Bb4 4. f3 d5 5. a3 Bxc3+ 6. bxc3 c5 7. cxd5 Nxd5 8.
dxc5 Qa5 9. e4 Nf6 10. Be3 O-O 11. Kf2 e5 12. Qb3 Nbd7 13. Qb4 Qc7 14. Bc4 b6
15. cxb6 axb6 16. Ne2 Bb7 17. Rhb1 Ba6 18. Bxa6 Rxa6 19. a4 Rfa8 20. Rd1 h6 21.
Ng3 Nc5 22. Bxc5 Qxc5+ 23. Qxc5 bxc5 24. Nf5 Rxa4 25. Rxa4 Rxa4 26. Rd8+ Kh7 27.
Rf8 Ra2+ 28. Ke3 Rxg2 29. Rxf7 Nh5 30. Re7 Rc2 31. Kd3 Rf2 32. Ke3 Rc2 33. Rxe5
Rxc3+ 34. Kf2 Rc2+ 35. Ke3 Rxh2 36. Rxc5 Nf6 37. Rc7 Rg2 38. Ra7 h5 39. e5 Nd5+
40. Ke4 Nc3+ 41. Kd3 Nd5 42. Ke4 Nc3+ 43. Kd3 Nd5 44. Rd7 Nf4+ 45. Ke4 Ne6 46.
Re7 Ng5+ 47. Kf4 Nh3+ 48. Ke3 Rg1 49. e6 Ng5 50. Rxg7+ Kh8 51. e7 Re1+ 52. Kf2
Re6 53. Rxg5 h4 54. Nxh4 Kh7 55. Rh5+ Kg7 56. Nf5+ Kg6 57. Rh6+ Kxf5 58. Rxe6 1-0

[Event "Titled Tue 3rd Jun Early"]
[Site "chess.com INT"]
[Date "2025.06.03"]
[Round "11"]
[White "Rodriguez Avila, Alvaro"]
[Black "Toroptseva, Yevheniia"]
[Result "0-1"]
[WhiteTitle "CM"]
[BlackTitle "WFM"]
[WhiteElo "2204"]
[BlackElo "2064"]
[WhiteFideId "24570249"]
[BlackFideId "34109374"]
[EventDate "2025.06.03"]

1. e4 c5 2. Nc3 Nc6 3. Nf3 e6 4. g3 g6 5. d4 cxd4 6. Nxd4 Bg7 7. Ndb5 Nge7 8.
Nd6+ Kf8 9. Bg2 b6 10. O-O Ba6 11. Re1 Nc8 12. Bf4 h6 13. Ncb5 Bxb5 14. Nxb5
Bxb2 15. Rb1 Be5 16. Bxe5 Nxe5 17. Qd4 f6 18. Rbd1 a6 19. Nd6 Nc6 20. Qd2 Ra7
21. e5 Nxe5 22. Bh3 Nf3+ 23. Kg2 Nxd2 24. Rxd2 f5 25. Nc4 b5 26. Ne5 Kg7 27. Kg1
Rc7 28. Red1 d5 29. Nf3 Qf6 30. Nd4 e5 31. Nf3 d4 32. Re1 Re8 33. Nxd4 Rce7 34.
Nb3 e4 35. Bf1 Nb6 36. Red1 Nc4 37. Rd5 Ne5 38. Rd6 Nf3+ 39. Kg2 Qg5 40. Nc5 Qh5
41. h3 Ng5 42. Kh2 Nf3+ 43. Kg2 f4 44. R1d5 Ng5 45. h4 fxg3 46. fxg3 Qf3+ 47.
Kh2 Qf2+ 48. Bg2 Nf3+ 49. Kh3 Qg1 50. Bxf3 exf3 51. Rd7 f2 52. Ne6+ Kf6 53. Nf4
Qh1+ 54. Kg4 h5+ 55. Nxh5+ gxh5+ 56. Kxh5 Qxd5+ 57. Rxd5 Re5+ 58. Rxe5 Rxe5+ 59.
Kh6 f1=Q 60. g4 Qc4 61. g5+ Kf7 62. g6+ Kg8 63. h5 Qf4# 0-1

[Event "Titled Tue 3rd Jun Early"]
[Site "chess.com INT"]
[Date "2025.06.03"]
[Round "11"]
[White "Wu, Derek"]
[Black "Tilahun, Abel Mathewos"]
[Result "0-1"]
[WhiteTitle "FM"]
[BlackTitle "CM"]
[WhiteElo "2232"]
[BlackElo "1944"]
[WhiteFideId "30914558"]
[BlackFideId "15702391"]
[EventDate "2025.06.03"]

1. d4 d5 2. Nc3 e6 3. e4 dxe4 4. Nxe4 Nd7 5. Bd3 Ngf6 6. Qe2 Be7 7. Nf3 O-O 8.
Bd2 b6 9. O-O-O Bb7 10. h4 c5 11. dxc5 Qc7 12. cxb6 axb6 13. Kb1 b5 14. h5 Bd5
15. Nc3 b4 16. Nxd5 Nxd5 17. Bc4 N7b6 18. Bb3 Bf6 19. Ng5 Bxg5 20. Bxg5 Na4 21.
Rh3 Nf4 22. Bxf4 Qxf4 23. h6 Qf6 24. Bxa4 Rxa4 25. hxg7 Rfa8 26. Qh5 h6 27. Qxh6
Qxh6 28. Rxh6 Kxg7 29. Rh3 Rxa2 30. c4 Ra1+ 31. Kc2 Rxd1 32. Kxd1 Rd8+ 33. Kc2
Rc8 34. Kb3 Rb8 35. c5 Kf6 36. Rh4 Rc8 37. Rc4 Ke5 38. Kxb4 Kd5 39. Kc3 Rb8 40.
b4 e5 41. f4 Rg8 42. fxe5 Rg3+ 43. Kd2 Kxc4 44. c6 Rxg2+ 45. Ke3 Rg8 46. Ke4
Kxb4 47. Kf5 Kc5 48. Kf6 Rc8 49. Kxf7 Kxc6 50. e6 Kd6 51. e7 Rc7 0-1

[Event "Titled Tue 3rd Jun Early"]
[Site "chess.com INT"]
[Date "2025.06.03"]
[Round "11"]
[White "Hossain, Enamul"]
[Black "Grot, Blazej"]
[Result "1-0"]
[WhiteTitle "GM"]
[BlackTitle "CM"]
[WhiteElo "2348"]
[BlackElo "2217"]
[WhiteFideId "10200649"]
[BlackFideId "21835845"]
[EventDate "2025.06.03"]

1. d4 Nf6 2. c4 e6 3. Nc3 d5 4. cxd5 exd5 5. Bg5 c6 6. e3 h6 7. Bh4 Be7 8. Bd3
O-O 9. Qc2 Ne8 10. Bg3 Nd6 11. Nf3 Nd7 12. O-O Nf6 13. b4 Bd7 14. Rab1 Rc8 15.
a4 Re8 16. Ne5 Bf8 17. h3 Be6 18. Rfc1 a5 19. bxa5 Qxa5 20. Bh4 Nd7 21. Nxd7
Bxd7 22. Bg3 Qa7 23. Rb3 Nc4 24. Bh7+ Kh8 25. Bf5 Bxf5 26. Qxf5 Bd6 27. Bxd6
Nxd6 28. Qf4 Re6 29. Rcb1 Rce8 30. Qf3 Qa5 31. Qd1 Kg8 32. Qc2 Qa6 33. Rb4 f5
34. Ne2 Qa8 35. Nf4 Re4 36. Ng6 Qd8 37. Nf4 Qf6 38. Rxb7 Nxb7 39. Rxb7 Rxf4 40.
exf4 Qxd4 41. Qxf5 Rf8 42. Qe6+ Kh8 43. g3 c5 44. Qd7 c4 45. Rc7 c3 46. Qc6 Qd1+
47. Kg2 d4 48. a5 Qd3 49. a6 Qf5 50. a7 Qa5 51. Qd7 Rg8 52. Rc8 Qa6 53. Rxg8+
Kxg8 54. Qd8+ Kh7 55. a8=Q Qc4 56. Qe4+ g6 57. Qee7+ 1-0

[Event "Titled Tue 3rd Jun Early"]
[Site "chess.com INT"]
[Date "2025.06.03"]
[Round "11"]
[White "Daspres, Loic"]
[Black "Dogan, Umut Anil"]
[Result "0-1"]
[WhiteTitle "CM"]
[BlackTitle "CM"]
[WhiteElo "2207"]
[BlackElo "2123"]
[WhiteFideId "20612281"]
[BlackFideId "51618060"]
[EventDate "2025.06.03"]

1. e4 c6 2. d4 d5 3. exd5 cxd5 4. c4 Nf6 5. Nc3 Nc6 6. Nf3 g6 7. c5 Bg7 8. Bb5
O-O 9. O-O Bg4 10. Bxc6 bxc6 11. Re1 Ne4 12. h3 Bxf3 13. Qxf3 Bxd4 14. Nxe4 dxe4
15. Rxe4 Bxc5 16. Bh6 Re8 17. Rc1 Qb6 18. Rf4 f6 19. Rfc4 Bd6 20. Rxc6 Qxb2 21.
Qd5+ Kh8 22. Rxd6 g5 23. Rc7 Qb1+ 24. Kh2 Qg6 25. Rdd7 Qxh6 26. Rxe7 Rad8 27.
Qb7 Rxe7 28. Rxe7 g4 29. Qc7 Rg8 30. g3 Qxh3+ 31. Kg1 Qh6 32. Qf4 Qxf4 33. gxf4
Rd8 34. Rxa7 Rd4 35. Kg2 Rxf4 36. a4 h5 37. a5 h4 38. Rb7 Ra4 39. Rb5 Kg7 40.
Rh5 h3+ 41. Kh2 Kg6 42. Rc5 f5 43. Kg3 Kg5 44. Rb5 Ra3+ 45. Kh2 Rf3 46. Kg1 h2+
47. Kg2 Rxf2+ 48. Kh1 Ra2 49. a6 Kh4 50. Rb6 Kh3 51. Rb3+ g3 52. Rxg3+ Kxg3 53.
a7 Ra1# 0-1

[Event "Titled Tue 3rd Jun Early"]
[Site "chess.com INT"]
[Date "2025.06.03"]
[Round "11"]
[White "Tristan, Leonardo"]
[Black "Donchenko, Alexander"]
[Result "0-1"]
[WhiteTitle "GM"]
[BlackTitle "GM"]
[WhiteElo "2536"]
[BlackElo "2615"]
[WhiteFideId "113816"]
[BlackFideId "24603295"]
[EventDate "2025.06.03"]

1. d4 Nf6 2. Nf3 d5 3. Bf4 e6 4. e3 Bd6 5. Bg3 O-O 6. c4 c5 7. Nc3 cxd4 8. Nxd4
Bb4 9. Be2 Ne4 10. Qc2 Qa5 11. Rc1 Qxa2 12. O-O Bxc3 13. bxc3 Qxc2 14. Rxc2 Nxg3
15. hxg3 dxc4 16. Bxc4 b6 17. Ra1 Bb7 18. Rca2 a6 19. Be2 Rc8 20. Nb5 Bd5 21.
Ra3 Kf8 22. e4 Bc6 23. Nd6 Rd8 24. e5 a5 25. f4 Nd7 26. c4 Ke7 27. Re3 f6 28.
Bg4 fxe5 29. fxe5 Nxe5 30. Rxe5 Rxd6 31. c5 bxc5 32. Rxc5 a4 33. Rc4 Ra6 34. Bf3
Bxf3 35. gxf3 Rd3 36. Raxa4 Rxa4 37. Rxa4 Rxf3 38. Kg2 Rd3 39. Kh3 h6 40. Kg4
Rd5 41. Kf4 Kf6 42. Ra8 Rd4+ 43. Kf3 Kg5 44. Re8 Rd3+ 45. Kf2 Kf6 46. Rf8+ Ke7
47. Rg8 Kf7 48. Rb8 h5 49. Rb5 g6 50. Kg2 Kf6 51. Kh3 g5 52. Kg2 Rd2+ 53. Kf3
g4+ 54. Ke3 Rd5 55. Rb8 Rf5 56. Rh8 Kg7 57. Re8 Rf3+ 58. Ke4 Rxg3 59. Rxe6 Rf3
60. Re5 Kg6 61. Ra5 Rf6 62. Ke3 Rf5 63. Ra8 Kg5 64. Rg8+ Kh4 65. Ke4 Rf7 66. Ke3
Kh3 67. Rg5 h4 68. Rg7 Rxg7 0-1

[Event "Titled Tue 3rd Jun Early"]
[Site "chess.com INT"]
[Date "2025.06.03"]
[Round "11"]
[White "Kim, Sergey"]
[Black "Hernandez Izquierdo, Jose A."]
[Result "1-0"]
[WhiteTitle "FM"]
[BlackTitle "IM"]
[WhiteElo "2295"]
[BlackElo "2223"]
[WhiteFideId "13700570"]
[BlackFideId "3527263"]
[EventDate "2025.06.03"]

1. d4 f5 2. c4 Nf6 3. g3 e6 4. Bg2 Bb4+ 5. Bd2 Be7 6. Nh3 O-O 7. O-O Nc6 8. Bc3
d5 9. cxd5 exd5 10. Nf4 Ne4 11. Qb3 Kh8 12. Qxd5 Bd6 13. Ne6 Bxe6 14. Qxe6 Qg5
15. f4 Qf6 16. Qxf6 Nxf6 17. Nd2 Rae8 18. Bf3 Bb4 19. Nc4 Ne4 20. Rac1 Bxc3 21.
bxc3 Rf6 22. Rfd1 Nd8 23. Ne5 Ra6 24. Bxe4 fxe4 25. Rc2 Kg8 26. Kf2 Nf7 27. c4
Nd6 28. g4 Rf8 29. e3 g5 30. f5 b6 31. c5 bxc5 32. dxc5 Nxf5 33. Nd7 Rf7 34.
gxf5 Rxf5+ 35. Kg2 Ra3 36. Rf2 Rxf2+ 37. Kxf2 Rxa2+ 38. Kg3 h5 39. Nf6+ Kf7 40.
Nxe4 Kg6 41. Rd2 Ra3 42. Kf3 g4+ 43. Kf4 a5 44. Rd7 Ra2 45. Kg3 Kf5 46. Nc3 h4+
47. Kxh4 Rxh2+ 48. Kg3 Rc2 49. Nd5 Rxc5 50. Nxc7 Rc3 51. Kf2 g3+ 52. Kxg3 Rxe3+
53. Kf2 Rc3 54. Nd5 Ke6 55. Rd8 Rd3 56. Nf4+ Ke7 57. Rxd3 a4 58. Ra3 1-0

[Event "Titled Tue 3rd Jun Early"]
[Site "chess.com INT"]
[Date "2025.06.03"]
[Round "11"]
[White "Lazavik, Denis"]
[Black "So, Wesley"]
[Result "1-0"]
[WhiteTitle "GM"]
[BlackTitle "GM"]
[WhiteElo "2577"]
[BlackElo "2751"]
[WhiteFideId "13515110"]
[BlackFideId "5202213"]
[EventDate "2025.06.03"]

1. d4 Nf6 2. c4 e6 3. Nc3 d5 4. cxd5 exd5 5. Bg5 c6 6. e3 Bf5 7. Nge2 h6 8. Bf4
Nbd7 9. Ng3 Bh7 10. h4 Bb4 11. Bd3 Bxd3 12. Qxd3 O-O 13. Nf5 Re8 14. f3 Nb6 15.
a3 Bxc3+ 16. bxc3 Nc4 17. g4 Qd7 18. Kf2 b5 19. Rag1 Re6 20. h5 Ree8 21. Ke1 Nh7
22. g5 hxg5 23. Bxg5 Kh8 24. Bf4 Rg8 25. Rg2 Qe6 26. Rhg1 Qf6 27. Rxg7 Rxg7 28.
Rxg7 Rg8 29. h6 Rxg7 30. hxg7+ Kg8 31. e4 Ng5 32. e5 Qd8 33. Bc1 Ne6 34. Qf1 Qa5
35. Nh6+ Kxg7 36. Qg2+ Kf8 37. Qg8+ Ke7 38. Nf5+ Kd7 39. Qxf7+ Kd8 40. Qe7+ Kc8
41. Qxe6+ Kb8 42. Qe8+ Kb7 43. Qe7+ Ka6 44. Qb4 Qd8 45. Qc5 Qg8 46. Qxc6+ Ka5
47. Kf2 Qh7 48. Ne3 Qh4+ 49. Kg2 Qg5+ 50. Kh3 Qh5+ 51. Kg3 Qg5+ 52. Ng4 Qxc1 53.
Qxd5 Qxc3 54. e6 Qxa3 55. Qd8+ Ka4 56. e7 Qd6+ 57. Ne5 Qh6 58. e8=Q Qe3 59. Nxc4
Qg1+ 60. Kf4 1-0

[Event "Titled Tue 3rd Jun Early"]
[Site "chess.com INT"]
[Date "2025.06.03"]
[Round "11"]
[White "Demchenko, Anton"]
[Black "Ahmad, Khagan"]
[Result "1-0"]
[WhiteTitle "GM"]
[BlackTitle "IM"]
[WhiteElo "2619"]
[BlackElo "2405"]
[WhiteFideId "4160258"]
[BlackFideId "13431552"]
[EventDate "2025.06.03"]

1. e4 c5 2. Nf3 d6 3. d4 cxd4 4. Nxd4 Nf6 5. Nc3 a6 6. Bd3 g6 7. f3 e5 8. Nde2
Bg7 9. Bg5 Be6 10. Qd2 Nbd7 11. O-O-O b5 12. Ng3 b4 13. Na4 Qa5 14. b3 O-O 15.
Kb1 d5 16. Bh6 Rac8 17. h4 dxe4 18. Bxe4 Nxe4 19. Nxe4 Bf5 20. h5 Bxe4 21. fxe4
Nf6 22. hxg6 fxg6 23. Bxg7 Kxg7 24. Qh6+ Kg8 25. Rd7 Rf7 26. Rxf7 Kxf7 27. Rf1
Qc7 28. Qxh7+ Ke6 29. Qh3+ Ke7 30. Qd3 Qc6 31. Re1 Rd8 32. Qe2 Rd4 33. Qf2 Rxe4
34. Rd1 Nd5 35. Qa7+ Kf6 36. Qb8 Re2 37. Rc1 Nc3+ 38. Nxc3 bxc3 39. Rf1+ Kg5 40.
Qd8+ Kg4 41. Qd3 Qxg2 42. Qxg6+ Kh4 43. Qh6+ Kg4 44. Rh1 Kf3 45. Qf6+ Ke4 46.
Rc1 Ke3 47. Qxa6 Rd2 48. Qb6+ Rd4 49. Qc5 Qd2 50. Qxe5+ Re4 51. Qc5+ Qd4 52.
Qxd4+ Rxd4 53. a3 Kd2 54. b4 Rh4 55. Rg1 Rh8 56. Rg2+ Kd1 57. Ka2 Rg8 58. Rxg8 1-0

[Event "Titled Tue 3rd Jun Early"]
[Site "chess.com INT"]
[Date "2025.06.03"]
[Round "11"]
[White "Saydaliev, Saidakbar"]
[Black "Ostensen, Nicolai Maxime"]
[Result "0-1"]
[WhiteTitle "IM"]
[BlackTitle "FM"]
[WhiteElo "2460"]
[BlackElo "2283"]
[WhiteFideId "14203693"]
[BlackFideId "1546970"]
[EventDate "2025.06.03"]

1. Nf3 Nf6 2. c4 c5 3. g3 b6 4. Bg2 Bb7 5. O-O g6 6. Nc3 Bg7 7. Re1 d5 8. cxd5
Nxd5 9. e4 Nb4 10. Re3 Nd3 11. Ne1 Nxc1 12. Rxc1 O-O 13. h4 h5 14. Nf3 Nc6 15.
Ne2 Nd4 16. Nexd4 cxd4 17. Re1 Qd6 18. d3 Qb4 19. Rc2 Rfc8 20. e5 Bd5 21. a3 Qa5
22. Rxc8+ Rxc8 23. Qe2 Qa4 24. Ng5 Rc2 25. Qd1 Bxg2 26. Kxg2 Qc6+ 27. Re4 f6 28.
exf6 exf6 29. Nf3 f5 30. Re6 Rxf2+ 31. Kxf2 Qxe6 32. Qc2 Bf6 33. Kg2 f4 34. gxf4
Qg4+ 35. Kf2 Bxh4+ 36. Nxh4 Qxh4+ 37. Kf3 Qh1+ 38. Kg3 Qg1+ 39. Kf3 Qe3+ 40. Kg2
Qxf4 41. Qc8+ Kg7 42. Qd7+ Kh6 43. Qe7 Qd2+ 44. Kh1 Qc1+ 45. Kh2 Qxb2+ 46. Kh3
Qc1 47. Qf8+ Kg5 48. Qe7+ Kf5 49. Qe4+ Kf6 50. Qxd4+ Ke6 51. Qe4+ Kd7 52. Qxg6
Qe3+ 53. Kh4 Qf2+ 54. Kxh5 Qh2+ 55. Kg5 Qg2+ 56. Kf6 Qxg6+ 57. Kxg6 Ke6 58. Kg7
Kd5 59. Kf7 Kd4 60. Ke6 Kxd3 61. Kd6 Kc3 62. Kc6 Kb3 63. Kb7 Kxa3 64. Kxa7 b5 0-1

[Event "Titled Tue 3rd Jun Early"]
[Site "chess.com INT"]
[Date "2025.06.03"]
[Round "11"]
[White "Ejsymont, Blanka"]
[Black "Cernov, Henrik"]
[Result "1-0"]
[WhiteTitle "WCM"]
[BlackTitle "FM"]
[WhiteElo "1907"]
[BlackElo "2325"]
[WhiteFideId "21088268"]
[BlackFideId "16258312"]
[EventDate "2025.06.03"]

1. e4 a5 2. d4 h5 3. c4 e6 4. f4 d5 5. cxd5 exd5 6. e5 c5 7. Nf3 Nc6 8. Nc3 cxd4
9. Nxd4 Bc5 10. Be3 Qb6 11. Nxd5 Qxb2 12. Nc7+ Kf8 13. Nde6+ Bxe6 14. Bxc5+ Nge7
15. Bxe7+ Nxe7 16. Nxa8 Qc3+ 17. Kf2 Nd5 18. Be2 Qc5+ 19. Ke1 Qc3+ 20. Kf2 Qe3+
21. Ke1 Qxf4 22. Rb1 Qxe5 23. Rxb7 g6 24. Nb6 Ne3 25. Qc1 Nxg2+ 26. Kf1 Nf4 27.
Qd2 Qf5 28. Bf3 Nd3 29. Qe2 Ne5 30. Kf2 Bc4 31. Nxc4 Nd3+ 32. Kf1 Nf4 33. Rb8+
Kg7 34. Qb2+ f6 35. Qb7+ Kh6 36. Rxh8+ Kg5 37. Ne3 Qd3+ 38. Kf2 Qd2+ 39. Kg3
Qxe3 40. Qb5+ f5 41. Qf1 Ne2+ 42. Qxe2 h4+ 43. Kg2 Qf4 44. Qf2 h3+ 45. Rxh3 Kf6
46. Rg3 Qb4 47. Re1 g5 48. Qe2 Qd6 49. Qe6+ Qxe6 50. Rxe6+ Kxe6 51. Rxg5 Kf6 52.
Rxf5+ Kxf5 53. h4 Kf4 54. h5 Kg5 55. Kf2 Kf4 56. Ke2 Kg5 57. Kd3 a4 58. Bd1 a3
59. Kc3 Kf4 60. Kb3 Ke3 61. Kxa3 Kd2 62. Kb4 Kxd1 63. a4 Kc1 64. a5 Kb1 65. a6
Kb2 66. a7 Kb1 67. a8=Q Kb2 68. Qg2+ Kb1 69. Kc3 Ka1 70. Qb2# 1-0

[Event "Titled Tue 3rd Jun Early"]
[Site "chess.com INT"]
[Date "2025.06.03"]
[Round "11"]
[White "Horobetz, Graham"]
[Black "Sakun, Volodymyr"]
[Result "1-0"]
[BlackTitle "FM"]
[WhiteElo "2250"]
[BlackElo "2301"]
[WhiteFideId "2047322"]
[BlackFideId "14114062"]
[EventDate "2025.06.03"]

1. e4 e5 2. Nf3 Nc6 3. Bb5 g6 4. c3 a6 5. Ba4 d6 6. d4 Bd7 7. O-O Bg7 8. Be3 Nf6
9. Bc2 Ng4 10. Bg5 Bf6 11. Bc1 Bg7 12. h3 Nf6 13. Be3 O-O 14. Nbd2 Nh5 15. Re1
h6 16. a4 Qf6 17. Nc4 Rad8 18. a5 Nf4 19. Kh2 g5 20. d5 Ne7 21. Ng1 Qg6 22. g3
Nh5 23. Ba7 Nf6 24. g4 h5 25. f3 Qh6 26. Kg2 Ng6 27. Be3 Nf4+ 28. Bxf4 gxf4 29.
Qe2 Qg5 30. Kf1 hxg4 31. hxg4 Qh4 32. Qf2 Qg5 33. Nh3 Qg6 34. Qg2 Nh7 35. b3 Bf6
36. Ke2 Kg7 37. Rh1 Rh8 38. Bd3 Bc8 39. Rh2 Ng5 40. Nxg5 Bxg5 41. Rah1 Rh6 42.
Rh5 Rdh8 43. Qh3 Rxh5 44. gxh5 Qh6 45. Qg2 Kf8 46. Nd2 Rg8 47. Qf1 Bf6 48. Kd1
Rg3 49. Kc2 Bd7 50. b4 Ke7 51. Qf2 Rg5 52. Qa7 Bc8 53. Qb8 Kd8 54. b5 axb5 55.
Bxb5 b6 56. a6 Rxh5 57. Rxh5 Qxh5 58. a7 Qh3 59. a8=Q Bh4 60. Ba6 Ke7 61. Qxc8
Qxc8 62. Qxc8 1-0

[Event "Titled Tue 3rd Jun Early"]
[Site "chess.com INT"]
[Date "2025.06.03"]
[Round "11"]
[White "Aalto, Patrik"]
[Black "Nguyen Thien Ngan"]
[Result "1/2-1/2"]
[WhiteTitle "FM"]
[BlackTitle "WIM"]
[WhiteElo "2313"]
[BlackElo "1998"]
[WhiteFideId "510726"]
[BlackFideId "12414816"]
[EventDate "2025.06.03"]

1. c4 e6 2. g3 d5 3. Bg2 Nf6 4. Nf3 Be7 5. O-O O-O 6. b3 b6 7. Bb2 Bb7 8. cxd5
Nxd5 9. d4 Nd7 10. Nc3 Nxc3 11. Bxc3 c5 12. Rc1 cxd4 13. Qxd4 Bf6 14. Qd2 Bxc3
15. Rxc3 Nc5 16. Qc2 Be4 17. Qc1 a5 18. Rd1 Qf6 19. a3 Rfd8 20. Rxd8+ Rxd8 21.
b4 Na4 22. Re3 Bxf3 23. Rxf3 Qb2 24. Qxb2 Nxb2 25. Rc3 Rd1+ 26. Bf1 Kf8 27. Kg2
Ke7 28. bxa5 bxa5 29. e3 Rd2 30. Rc7+ Kf6 31. Kf3 Nd3 32. Bxd3 Rxd3 33. Ra7 Rxa3
34. h4 Ra2 35. h5 h6 36. g4 g6 37. hxg6 fxg6 38. Kg3 g5 39. Rh7 Kg6 40. Re7 Kf6
41. Rh7 a4 42. Rxh6+ Ke5 43. f4+ gxf4+ 44. exf4+ Kd5 45. f5 exf5 46. gxf5 Ke5
47. f6 Ke6 48. f7+ Kxf7 49. Ra6 Ke7 50. Kf3 Kd7 51. Ke3 Kc7 52. Kd3 Kb7 53. Ra5
Kb6 54. Ra8 Kb5 55. Kc3 Ra3+ 56. Kb2 Rb3+ 57. Ka2 Rh3 58. Rb8+ Ka5 59. Ra8+ Kb4
60. Rb8+ Kc5 61. Ra8 Kb6 62. Rxa4 Rh2+ 63. Kb3 Rh3+ 64. Kc2 Kb5 65. Rg4 Kc5 66.
Kd2 Kd5 67. Ke2 Ke5 68. Kf2 Kf5 69. Ra4 Rh2+ 70. Kg3 Rb2 71. Kf3 Rb3+ 72. Ke2
Rc3 73. Rb4 Ra3 74. Rb5+ Ke4 75. Rb4+ Kd5 76. Kd2 Kc5 77. Rh4 Rb3 78. Kc2 Rg3
79. Kd2 Kd5 80. Ke2 Ra3 81. Rh8 Ke4 82. Re8+ Kd4 83. Rd8+ Ke4 84. Kd2 Rh3 85.
Re8+ Kd4 86. Ke2 Ra3 87. Rd8+ Ke4 88. Re8+ Kd4 1/2-1/2